| 000 | 00592nam a2200205 a 4500 | ||
|---|---|---|---|
| 005 | 20140310183310.0 | ||
| 008 | 050914s19uu xx 00 eng d | ||
| 020 | _a0443064067 | ||
| 050 |
_aRA 969 _b.In483 2003 |
||
| 245 |
_aInfection control in the community / _cedited by Jean Lawrence. |
||
| 260 |
_aEdinburgh : _bChurchill Livingstone, _c2003. |
||
| 300 |
_a373 p. : _bill. ; _c25 cm. |
||
| 521 | _aNUR | ||
| 650 |
_aInfection _xPrevention. |
||
| 650 | _aCommunity health nursing. | ||
| 650 | _aInfection control. | ||
| 700 | _aMay, Dee | ||
| 942 |
_cBK _2lcc _kFOR |
||
| 999 |
_c21127 _d21127 |
||